000 01023nam a2200205Ia 4500
001 15802
003 GE_BSU
008 181216s||||||||xx |||||||||||||| ||und||
040 _cGE_BSU
100 _aჭილაძე, ო. (ოთარ, 1933-2009)
245 _aცხრა პოემა
245 _cრედ.ბ.ხარნაული. მხ. ა.სარჩიმლიძე
260 _aთბილისი
260 _bსაბჭ. საქართველო
260 _c1969
300 _a163 გვ. ; 16 სმ
653 _aდევებით სავსე ქუდი; თიხის სამი ფირფიტა; იტალიური რვეული; რკინის საწოლი; თაკო და ზაზა; ცირკი; ადამიანი გაზეთის სვეტში; სინათლის წელიწადი; სიყვარულის პოემა
653 _aცხრა პოემა
942 _cBK
999 _c48899
_d48899